000 00448nam a2200193Ia 4500
003 OSt
005 20220912164815.0
008 210210b1965 xxu||||| |||| 00| 0 eng d
040 _cAL
041 _aeng
082 _a425/180
100 _aMAISON
_957231
245 _aExamine your English
260 _aBombay
_bOrient Longman Ltd
_c1965
690 _aEnglish Grammar
_957233
700 _aKUMAR
_957234
906 _a005956
942 _2ddc
_cBK
999 _c128973
_d128973